Исследование процесса разрушения анизотропных горных пород при алмазном бурении с использованием метода регистрации электромагнитной эмиссии; Известия Томского политехнического университета [Известия ТПУ]; Т. 304, вып. 1 : Геология, поиски и разведка полезных ископаемых Сибири
| Parent link: | Известия Томского политехнического университета [Известия ТПУ]/ Томский политехнический университет (ТПУ).— , 2000- Т. 304, вып. 1 : Геология, поиски и разведка полезных ископаемых Сибири.— 2001.— [С. 289-306] |
|---|---|
| 1. Verfasser: | |
| Weitere Verfasser: | , |
| Zusammenfassung: | Заглавие с титульного листа Электронная версия печатной публикации Работа посвящена исследованиям процесса разрушения анизотропных горных пород при алмазном бурении с целью совершенствования теории естественного искривления скважин. При проведении (исследований использован новый для бурения метод регистрации характеристик импульсного электромагнитного поля, генерируемого из приповерхностного слоя горной породы при ее разрушении. Доказана информативность этого метода, преимущества по сравнению с методом регистрации акустической эмиссии, а также его применимость для изучения процессов разрушения горных пород при бурении. В результате работы экспериментально доказан и теоретически обоснован эффект искривления скважин в направлении линии наибольшего сопротивления анизотропных пород при малых углах встречи главной плоскости скалывания. Определены закономерности изменения величины отклоняющей силы при разгонных параметрах режима бурения. |
| Sprache: | Russisch |
| Veröffentlicht: |
2001
|
| Schriftenreihe: | Техника и технология геологоразведочных работ |
| Schlagworte: | |
| Online-Zugang: | http://www.lib.tpu.ru/fulltext/v/Bulletin_TPU/2001/v304/28.pdf |
| Format: | MixedMaterials Elektronisch Buchkapitel |
| KOHA link: | https://koha.lib.tpu.ru/cgi-bin/koha/opac-detail.pl?biblionumber=162953 |
MARC
| LEADER | 00000nla2a2200000 4500 | ||
|---|---|---|---|
| 001 | 162953 | ||
| 005 | 20231101222348.0 | ||
| 035 | |a (RuTPU)RU\TPU\book\176741 | ||
| 035 | |a RU\TPU\book\176739 | ||
| 090 | |a 162953 | ||
| 100 | |a 20090629d2001 k y0rusy50 ca | ||
| 101 | 0 | |a rus | |
| 102 | |a RU | ||
| 135 | |a drnn ---uucaa | ||
| 181 | 0 | |a i | |
| 182 | 0 | |a b | |
| 200 | 1 | |a Исследование процесса разрушения анизотропных горных пород при алмазном бурении с использованием метода регистрации электромагнитной эмиссии |b Электронный ресурс |f В. В. Кривошеев, И. А. Нейштетер, А. А. Ларин | |
| 203 | |a Текст |c электронный | ||
| 215 | |a 1 файл (2.1 Мб) | ||
| 225 | 1 | |a Техника и технология геологоразведочных работ | |
| 230 | |a Электронные текстовые данные (1 файл : 2.1 Мб) | ||
| 300 | |a Заглавие с титульного листа | ||
| 300 | |a Электронная версия печатной публикации | ||
| 320 | |a [Библиогр.: с. 305-306 (21 назв.)] | ||
| 330 | |a Работа посвящена исследованиям процесса разрушения анизотропных горных пород при алмазном бурении с целью совершенствования теории естественного искривления скважин. При проведении (исследований использован новый для бурения метод регистрации характеристик импульсного электромагнитного поля, генерируемого из приповерхностного слоя горной породы при ее разрушении. Доказана информативность этого метода, преимущества по сравнению с методом регистрации акустической эмиссии, а также его применимость для изучения процессов разрушения горных пород при бурении. В результате работы экспериментально доказан и теоретически обоснован эффект искривления скважин в направлении линии наибольшего сопротивления анизотропных пород при малых углах встречи главной плоскости скалывания. Определены закономерности изменения величины отклоняющей силы при разгонных параметрах режима бурения. | ||
| 337 | |a Adobe Reader | ||
| 461 | 1 | |0 (RuTPU)RU\TPU\book\176237 |t Известия Томского политехнического университета [Известия ТПУ] |f Томский политехнический университет (ТПУ) |d 2000- | |
| 463 | 1 | |0 (RuTPU)RU\TPU\book\176705 |t Т. 304, вып. 1 : Геология, поиски и разведка полезных ископаемых Сибири |o тематический выпуск |f под ред. А. Ф. Коробейникова |v [С. 289-306] |d 2001 |p 343 с. | |
| 610 | 1 | |a алмазное бурение | |
| 610 | 1 | |a анизотропные породы | |
| 610 | 1 | |a разрушение | |
| 610 | 1 | |a исследование | |
| 610 | 1 | |a естественное искривление | |
| 610 | 1 | |a скважины | |
| 610 | 1 | |a электромагнитная эмиссия | |
| 610 | 1 | |a регистрация | |
| 610 | 1 | |a метод регистрации электромагнитной эмиссии | |
| 610 | 1 | |a труды учёных ТПУ | |
| 610 | 1 | |a электронный ресурс | |
| 610 | 1 | |a импульсное электромагнитное поле | |
| 610 | 1 | |a метод акустической эмиссии | |
| 700 | 1 | |a Кривошеев |b В. В. |c российский геолог |c профессор Томского политехнического университета |f 1948- |g Владимир Васильевич |2 stltpush |3 (RuTPU)RU\TPU\pers\21972 |4 070 |9 9291 | |
| 701 | 1 | |a Нейштетер |b И. А. |4 070 | |
| 701 | 1 | |a Ларин |b А. А. |4 070 | |
| 801 | 1 | |a RU |b 63413507 |c 20090623 |g PSBO | |
| 801 | 2 | |a RU |b 63413507 |c 20210318 |g PSBO | |
| 856 | 4 | |u http://www.lib.tpu.ru/fulltext/v/Bulletin_TPU/2001/v304/28.pdf | |
| 942 | |c CF | ||